000 01230nam0a22003131 4500
001 v19\rc\1750810
005 20260406014703.0
035 _a(NLR Aleph) 004854951
090 _a4956390
_c4956390
100 _a20061204d1902 |||y0rusy50 ca
101 0 _arus
102 _aRU
105 _aa z |||||
200 1 _aКраткий обзор тридцатипятилетней деятельности Тульского губернского земства в области народного образования
_eПо поручению Губ. зем. управы сост. С.О. Серополко
210 _aТула
_cтипо-лит. Е.И. Дружининой
_d1902
215 _a12 с., 1 л. табл.
_d23
700 1 _8rus
_7ca
_aСерополко
_bС. А.
_f1872-1959
_gСтепан Онисимович
_3RU\NLR\AUTH\77120161
_9103086
712 0 2 _aТульское губ. земство
801 0 _aRU
_bNLR
_gpsbo
801 0 _aRU
_bRuMoRGB
_2psbo
801 1 _aRU
_bProSoft-M
_2rusmarc
801 2 _aRU
_bNLR
_c20130312
_2rusmarc
852 _aNLR
_bЗем
_j42/41
899 _aRuMoRGB
_jV 439/899
899 _aRuMoRGB
_jF 138/456
899 _aБАН
899 _aГПИБ
942 _cBOOK
980 _aNB